Central bank losses and economic convergence

Saved in:
Bibliographic Details
Main Author: Cincibuch, Martin
Other Authors: Holub, Tomáš, Hurník, Jaromír
Format: Book Chapter
Language:English
Subjects:
Tags: Add Tag
No Tags, Be the first to tag this record!

MARC

LEADER 00000naa$a2200000$$$4500
001 0111145
005 20231010115211.1
041 0 |a eng 
044 |a CZ 
245 1 0 |a Central bank losses and economic convergence  |c Martin Cincibuch, Tomáš Holub, Jaromír Hurník 
610 2 0 |a banky centrálne 
610 2 0 |a politika menová 
610 2 0 |a konvergencia 
610 2 0 |a kurz výmenný 
610 2 0 |a strata 
100 1 |a Cincibuch, Martin 
700 1 |a Holub, Tomáš 
700 1 |a Hurník, Jaromír